My Hero Academia : Team Up Mission 1 /

"Team Up Mission" es un nuevo sistema mediante el cual estudiantes y héroes profesionales forman equipos para participar de misiones diversas. Midoriya y sus compañeros se encuentran más que emocionados por participar de este programa, pero lo que no saben es que la asignación de equipos s...

Descripción completa

Guardado en:
Autor Principal: Akiyama, Yoko.
Formato: Libro
Idioma:Undetermined
Publicado: Buenos Aires : Ivrea, 2022.
Materias:
Etiquetas: Agregar Etiqueta
Sin Etiquetas, Sea el primero en etiquetar este registro!
LEADER 01202nam a22002055a 4500
001 CEM.cems025243
008 260626s2022####ag############000#0#und#d
005 20260626173024.0
245 1 0 |a My Hero Academia :  |b Team Up Mission 1 /  |c Yoko Akiyama. 
260 |a Buenos Aires :  |b Ivrea,  |c 2022. 
300 |a 200 p. 
500 |a Idea original: Kohei Horikoshi. 
520 |a "Team Up Mission" es un nuevo sistema mediante el cual estudiantes y héroes profesionales forman equipos para participar de misiones diversas. Midoriya y sus compañeros se encuentran más que emocionados por participar de este programa, pero lo que no saben es que la asignación de equipos se realizará de forma aleatoria, pudiendo generarse mezclas entre todo tipo de héroes y alumnos de todas las escuelas. Así veremos cómo las duplas, desde las más épicas hasta las menos pensadas, se enfrentan a distintos desafíos con el humor y la emoción a la que este universo superheroico nos tiene acostumbrados. 
020 |a 9788419531681 
100 1 |a Akiyama, Yoko. 
653 |a Manga 
653 |a Comic 
653 |a Superhéroes 
653 |a Literatura japonesa 
859 |a CEMS  |b BIB. CEMS - 11 de abril  |h 895.63  |i Ak53  |p 30945.26  |t Ej.1